00401 2200145 4500001002100000005001500021035002000036245008300056100002100139300001600160260003300176082001000209084001600219990002000235INLIS00000000000100020240306102803 a0010-03240000981 aKumpulan Dongeng Si Kancil :bBinatang Kecil yang Cerdik Lucu dan Menggemaskan0 aMB. Rahimsyah AR a128 :bIlus aSidoarjo :bDua Media,c2012 a398.2 a398.2 MB. k a3268/BBTIV/2022